000 00349nam a22001577a 4500
005 20160629125724.0
008 160629b xxu||||| |||| 00| 0 eng d
041 _aeng
082 _b11034
100 _aTagore Rabindra Nath
_93125
245 _aPancho Bhoot
260 _bViswa Bharti
300 _a159
650 _aManagement
_9241
942 _cBK
999 _c4680
_d4678